Khái lược văn học Nhật Bản /
Đã lưu trong:
| Những tác giả chính: | , |
|---|---|
| 格式: | Bài viết |
| 語言: | Vietnamese |
| 主題: | |
| 標簽: |
添加標簽
沒有標簽, 成為第一個標記此記錄!
|
| Thư viện lưu trữ: | Thư viện Trường Đại học Đà Lạt |
|---|
| LEADER | 00809nam a2200277 4500 | ||
|---|---|---|---|
| 001 | DLU090073872 | ||
| 005 | ##20090522 | ||
| 040 | # | # | |a DLU |b vie |
| 041 | # | # | |a vie |
| 044 | # | # | |a vn |
| 100 | # | # | |a Hoàng Liên, |e dịch. |
| 100 | # | # | |a Kônrát, N.I. |
| 245 | # | # | |a Khái lược văn học Nhật Bản / |c N.I. Kônrát, Hoàng Liên dịch. |
| 653 | # | # | |a Văn học dân gian |
| 653 | # | # | |a Văn học Nhật Bản |
| 653 | # | # | |a Văn hoá phương Đông |
| 773 | # | # | |t Tạp chí văn học |g Số 5, 1997, tr.68-75 |
| 920 | # | # | |a Phòng Tạp chí -- Trung tâm Thông tin - Thư viện Trường Đại học Đà Lạt |
| 994 | # | # | |a DLU |
| 900 | # | # | |a True |
| 911 | # | # | |a Nguyễn Thị Linh Chi |
| 925 | # | # | |a G |
| 926 | # | # | |a A |
| 927 | # | # | |a BB |
| 980 | # | # | |a Thư viện Trường Đại học Đà Lạt |